000 00713nam a2200265Ia 4500
003 OSt
005 20220926005737.0
006 a|||||r|||| 00| 0
007 ta
008 220923b |||||||| |||| 00| 0 eng d
020 _a9780070598553
037 _cGeneral Book
040 _aRTL
_cRTL
_beng
041 _2eng
_aeng
082 _aX, J5;P5/TD
100 _aSAMUELSON Paul A
245 0 _aEconomics
250 _a18th
260 _a New Delhi
_bTata McGraw-Hill
_c2005
300 _axxiv,776p
_ccm.
500 _aBibliography - 637-640p
700 _a NORDHAUS William D
942 _hX, J5;P5/TD
_cGB
_2CC
999 _c615066
_d615066